Water systems management in South Asia: need for a research framework (Record no. 73412)

000 -LEADER
fixed length control field 01080pab a2200181 454500
008 - FIXED-LENGTH DATA ELEMENTS--GENERAL INFORMATION
fixed length control field 180718b2007 xxu||||| |||| 00| 0 eng d
100 ## - MAIN ENTRY--PERSONAL NAME
Personal name Bandyopadhyay, Jayanta
245 ## - TITLE STATEMENT
Title Water systems management in South Asia: need for a research framework
260 ## - PUBLICATION, DISTRIBUTION, ETC.
Date of publication, distribution, etc. 2007
300 ## - PHYSICAL DESCRIPTION
Extent p.863-74.
362 ## - DATES OF PUBLICATION AND/OR SEQUENTIAL DESIGNATION
Dates of publication and/or sequential designation 10 Mar
520 ## - SUMMARY, ETC.
Summary, etc. Given its population density and poverty, on the one hand, and rapid urbanisation and industrialisation, on the other, south Asia seems to be facing an incipient water crisis not due to water shortage but intergovernmental conflicts. The knowledge base needed to research water systems management and deal with these conflicts has been neglected by countries in the region and only a trans-disciplinary approach, including the engineering and medical sciences along with social, political and economic expertise, will help in poverty alleviation and development. - Reproduced.
650 ## - SUBJECT ADDED ENTRY--TOPICAL TERM
Topical term or geographic name entry element Water resources management - South Asia
650 ## - SUBJECT ADDED ENTRY--TOPICAL TERM
Topical term or geographic name entry element Water resources management
773 ## - HOST ITEM ENTRY
Main entry heading Economic and Political Weekly
908 ## - PUT COMMAND PARAMETER (RLIN)
Put command parameter N
909 ## -
-- 73412
Holdings
Withdrawn status Lost status Damaged status Not for loan Permanent Location Current Location Date acquired Serial Enumeration / chronology Barcode Date last seen Price effective from Koha item type
        Indian Institute of Public Administration Indian Institute of Public Administration 2018-07-19 Volume no: 42, Issue no: 10 AR73872 2018-07-19 2018-07-19 Articles

Powered by Koha